000 00688nam a22001937a 4500
999 _c14019
_d14019
003 AR-CdUCM
008 190417b ||||| |||| 00| 0 spa d
040 _aMUNICIPALIDAD PROVINCIAL DEL CUSCO
_cBIBLIOTECA MUNICIPAL DEL CUSCO
082 _aEP / 869 /
_bC95
110 _aEdiciones cultura peruana.
_927330
245 _aPoesía peruana para niños /
260 _aLima :
_bEdiciones cultura peruana,
_c2004.
300 _a94 páginas ;
_c16 cm.
440 _aBiblioteca básica.
_932674
505 _aContenido :Cesar Vallejo -- Arturo Corcuera -- Ciro Alegria -- José Galvez -- Javier Solaguren ...
650 _aBiografías
_9148
942 _2ddc
_cLIBROS
945 _arum
_d2019-04-17